South Korean Development Model

Uložené v:
Podrobná bibliografia
Hlavný autor: Lajčiak, Milan
Médium: Kapitola
Jazyk:English
Predmet:
Tagy: Pridať tag
Žiadne tagy, Buďte prvý, kto otaguje tento záznam!

MARC

LEADER 00000nla a2200000 4500
001 0234708
005 20240502083625.5
041 0 |a eng 
044 |a MD 
245 1 0 |a South Korean Development Model  |c Milan Lajčiak 
610 2 0 |a Južná Kórea 
610 2 0 |a hospodárstvo kontinentov 
610 2 0 |a demokratizácia 
610 2 0 |a modernizácia 
610 2 0 |a inštitucionalizmus 
100 1 |a Lajčiak, Milan